|
|
|
|
| LEADER |
01213nam a2200313 a 4500 |
| 001 |
1385 |
| 003 |
BD-DhAAL |
| 005 |
20150614124121.0 |
| 008 |
150614s1993 njua b 001 0 eng |
| 010 |
|
|
|a 92042231
|
| 020 |
|
|
|a 0136824021
|
| 040 |
|
|
|a DLC
|c DLC
|d DLC
|d BD-DhAAL
|
| 050 |
0 |
0 |
|a JK2261
|b .B3 1993
|
| 082 |
0 |
0 |
|a 324/.0973
|2 20
|
| 100 |
1 |
|
|a Baer, Denise L.
|9 12047
|
| 245 |
1 |
0 |
|a Politics and linkage in a democratic society /
|c Denise L. Baer, David A. Bositis.
|
| 260 |
|
|
|a Englewood Cliffs, N.J. :
|b Prentice Hall,
|c c1993.
|
| 300 |
|
|
|a ix, 264 p. :
|b ill. ;
|c 23 cm.
|
| 504 |
|
|
|a Includes bibliographical references (p. 244-253) and index.
|
| 541 |
|
|
|e 1385
|
| 650 |
|
0 |
|a Political parties
|z United States.
|9 12048
|
| 650 |
|
0 |
|a Pressure groups
|z United States.
|9 7514
|
| 650 |
|
0 |
|a Elite (Social sciences)
|z United States.
|9 12049
|
| 650 |
|
0 |
|a Political participation
|z United States.
|9 7615
|
| 650 |
|
0 |
|a Social movements
|z United States.
|9 12050
|
| 700 |
1 |
|
|a Bositis, David A.
|9 12051
|
| 942 |
|
|
|2 ddc
|c BK
|
| 999 |
|
|
|c 34719
|d 34719
|
| 952 |
|
|
|0 0
|1 0
|2 ddc
|4 0
|6 324_097300000000000_BAE
|7 0
|9 54294
|a SCL
|b SCL
|c GEN
|d 2015-06-14
|e Gift: The Asia Foundation
|l 0
|o 324.0973 BAE
|p 3020001385
|r 2015-06-14
|t 1
|w 2015-06-14
|y BK
|